[Event "Madrid ch - Previa B 2013"]
[Site "Madrid ESP"]
[Date "2013.02.08"]
[Round "4.8"]
[White "Ordoñez Morales, Alberto"]
[Black "Franco Rincon, David"]
[Result "1-0"]
[WhiteElo "1836"]
[BlackElo "1671"]
[PlyCount "51"]
[EventDate "2013.02.01"]
[EventType "swiss"]
[EventRounds "9"]
[EventCountry "ESP"]
[Source "lmi"]
[SourceDate "2013.02.01"]

1. e4 e5 2. Bc4 Nc6 3. Nf3 Bc5 4. O-O Nf6 5. Nc3 O-O 6. d3 h6 7. Nd5 d6 8. Be3
Bb6 9. Qd2 Ng4 10. h3 Nxe3 11. fxe3 Na5 12. Qf2 Nxc4 13. dxc4 c6 14. Nxb6 axb6
15. Nh4 Qg5 16. Nf5 Bxf5 17. exf5 e4 18. f6 gxf6 19. Qxf6 Rad8 20. Qc3 Rfe8 21.
Rf4 Qe5 22. Qe1 Re6 23. Qh4 Rde8 24. Raf1 R8e7 25. c3 Qg5 26. Rg4 1-0

[Event "Madrid ch - Previa B 2013"]
[Site "Madrid ESP"]
[Date "2013.02.08"]
[Round "4.9"]
[White "Dominguez Alfara, Miguel"]
[Black "Vela Martinez, Jose"]
[Result "1-0"]
[WhiteElo "1823"]
[BlackElo "1542"]
[PlyCount "75"]
[EventDate "2013.02.01"]
[EventType "swiss"]
[EventRounds "9"]
[EventCountry "ESP"]
[Source "lmi"]
[SourceDate "2013.02.01"]

1. d4 Nf6 2. Nf3 g6 3. e3 Bg7 4. Be2 O-O 5. c4 d6 6. Nc3 c5 7. O-O Nbd7 8. d5
Nb6 9. e4 e6 10. Bf4 Nh5 11. Bg5 Qd7 12. a4 a5 13. Qd2 f6 14. Be3 f5 15. dxe6
Qxe6 16. Ng5 Qe7 17. exf5 Nf6 18. fxg6 hxg6 19. Nb5 Rd8 20. Bd3 Ng4 21. Bxg6
Qe5 22. Bf4 Qxb2 23. Qxb2 Bxb2 24. Rab1 Be5 25. Bxe5 Nxe5 26. Bh7+ Kg7 27. Nc7
Rb8 28. Rxb6 Kh6 29. f4 Nxc4 30. Rb3 Nd2 31. Bc2 Nxb3 32. Nf7+ Kg7 33. Nxd8 Nd4
34. Be4 Bg4 35. Nxb7 Rc8 36. Nb5 Be2 37. Nxd4 Bxf1 38. Nf5+ 1-0

[Event "Madrid ch - Previa B 2013"]
[Site "Madrid ESP"]
[Date "2013.02.08"]
[Round "4.10"]
[White "Lopez Ziegler, Juan Jose"]
[Black "Martinez Montalvo, Eduardo"]
[Result "1-0"]
[WhiteElo "1451"]
[BlackElo "1793"]
[PlyCount "101"]
[EventDate "2013.02.01"]
[EventType "swiss"]
[EventRounds "9"]
[EventCountry "ESP"]
[Source "lmi"]
[SourceDate "2013.02.01"]

1. d4 b6 2. Bf4 e6 3. Nf3 Bb7 4. Nbd2 Nf6 5. e3 c5 6. c3 Nc6 7. Nc4 d5 8. Nce5
Rc8 9. Qa4 Nd7 10. Bb5 Ncb8 11. Qxa7 Bc6 12. Nxc6 Nxc6 13. Qb7 Na5 14. Bxd7+
Qxd7 15. Qxb6 Nc4 16. Qb3 Bd6 17. Bxd6 Qxd6 18. Qc2 O-O 19. O-O Ra8 20. a4 Rfb8
21. Rfb1 Ra7 22. b3 Nb6 23. a5 Nd7 24. dxc5 Nxc5 25. b4 Ne4 26. Nd2 Nf6 27. h3
g5 28. Qd3 h5 29. Qd4 Qe7 30. e4 g4 31. Qe5 Rc8 32. Qg5+ Kh7 33. e5 Ng8 34.
Qxh5+ Nh6 35. hxg4 Rg8 36. f3 Rg5 37. Qh4 f6 38. f4 Rxg4 39. Qh2 fxe5 40. fxe5
Qg5 41. Nf3 Qe3+ 42. Kh1 Rag7 43. Ra2 Kg8 44. Qg1 Qf4 45. a6 Nf5 46. Qf2 Ng3+
47. Kg1 Rh7 48. Qd4 Rh1+ 49. Kf2 Rxb1 50. Qxf4 Rf1+ 51. Ke3 1-0

[Event "Madrid ch - Previa B 2013"]
[Site "Madrid ESP"]
[Date "2013.02.08"]
[Round "4.11"]
[White "Peñas Merino, Ramona"]
[Black "Alonso Herrero, Ignacio"]
[Result "0-1"]
[WhiteElo "1684"]
[BlackElo "1789"]
[PlyCount "114"]
[EventDate "2013.02.01"]
[EventType "swiss"]
[EventRounds "9"]
[EventCountry "ESP"]
[Source "lmi"]
[SourceDate "2013.02.01"]

1. d4 e6 2. c4 b6 3. a3 Bb7 4. d5 Nf6 5. Nc3 Be7 6. g3 d6 7. Bg2 exd5 8. cxd5
Nbd7 9. Nh3 O-O 10. O-O a5 11. b3 Nc5 12. Bb2 Re8 13. Rc1 Qd7 14. Nf4 Bd8 15.
b4 axb4 16. axb4 Na6 17. Qd4 Qe7 18. Rfe1 Qe5 19. Nb5 Bc8 20. Nd3 Qxd4 21. Bxd4
Bf5 22. Nf4 Bd7 23. Nc3 Nxb4 24. e4 g5 25. Nh3 Bxh3 26. Bxh3 Nd3 27. f3 Nxe1
28. Rxe1 h5 29. Nb5 Nxd5 30. Rc1 g4 31. Bg2 Nb4 32. fxg4 Nd3 33. Rf1 Ra5 34.
Rf5 Rxb5 35. Rxb5 c5 36. Bc3 hxg4 37. Bf1 Ne5 38. Rb1 Nf3+ 39. Kg2 Rxe4 40. h3
Re3 41. Ba1 Ne5 42. hxg4 Nxg4 43. Bc4 Ne5 44. Rh1 Kf8 45. Bb5 Ng6 46. Kf2 Ra3
47. Re1 Be7 48. Bc6 Ne5 49. Bxe5 dxe5 50. Rxe5 Rd3 51. Rf5 c4 52. Bd5 Bc5+ 53.
Kg2 Rxd5 54. Rxd5 c3 55. Rd3 Bb4 56. Rd8+ Ke7 57. Rc8 Bc5 0-1

[Event "Madrid ch - Previa B 2013"]
[Site "Madrid ESP"]
[Date "2013.02.08"]
[Round "4.14"]
[White "Merino Araguas, Jose Javier"]
[Black "Bento Iglesias, Pablo"]
[Result "0-1"]
[WhiteElo "1829"]
[BlackElo "1525"]
[PlyCount "87"]
[EventDate "2013.02.01"]
[EventType "swiss"]
[EventRounds "9"]
[EventCountry "ESP"]
[Source "lmi"]
[SourceDate "2013.02.01"]

1. d4 Nf6 2. c4 e6 3. Nf3 c5 4. d5 exd5 5. cxd5 d6 6. Nc3 a6 7. a4 g6 8. e4 Bg7
9. Be2 O-O 10. O-O Re8 11. Nd2 Nbd7 12. Re1 Nf8 13. h3 h6 14. Qc2 Qe7 15. Bf3
N8h7 16. Nc4 Ng5 17. Bxg5 hxg5 18. Nb6 Rb8 19. Nxc8 Rbxc8 20. Rad1 Nd7 21. Bg4
Rc7 22. Bxd7 Rxd7 23. f3 Be5 24. Ne2 Qf6 25. b3 Ra8 26. Qd3 Rc7 27. Rc1 Kg7 28.
Rc2 Rcc8 29. Rec1 Rcb8 30. Ra2 b5 31. axb5 Rxb5 32. Rxa6 Rxb3 33. Qxb3 Rxa6 34.
Qc4 Rb6 35. Qd3 Rb2 36. Rb1 c4 37. Qd1 Bd4+ 38. Kh1 Be3 39. Kh2 Rd2 40. Qf1 Rb2
41. Qd1 Qe5+ 42. Kh1 Rd2 43. Qe1 c3 44. Rc1 0-1

[Event "Madrid ch - Previa B 2013"]
[Site "Madrid ESP"]
[Date "2013.02.08"]
[Round "4.15"]
[White "Sebastian Enesco, Alex"]
[Black "Lopez Garralon, Jorge"]
[Result "1-0"]
[WhiteElo "1771"]
[BlackElo "1270"]
[PlyCount "75"]
[EventDate "2013.02.01"]
[EventType "swiss"]
[EventRounds "9"]
[EventCountry "ESP"]
[Source "lmi"]
[SourceDate "2013.02.01"]

1. e4 d6 2. d4 Nf6 3. Nc3 Nbd7 4. Nf3 e5 5. Bc4 h6 6. dxe5 dxe5 7. Nd5 c6 8.
Nxf6+ Qxf6 9. O-O Bc5 10. Be3 O-O 11. Qe2 b5 12. Bb3 a5 13. a4 b4 14. Rad1 Re8
15. Rxd7 Bxd7 16. Bxc5 Bg4 17. Be3 Qg6 18. Bc1 h5 19. Kh1 h4 20. h3 Bh5 21. Rg1
Qf6 22. Qe3 Rad8 23. Qg5 Bxf3 24. Qxf6 gxf6 25. gxf3+ Kf8 26. Be3 Ke7 27. Rg7
Rd1+ 28. Kh2 Kd8 29. Bb6+ Kc8 30. Bxa5 Rd2 31. Kg2 Rd1 32. Bxb4 Red8 33. f4
exf4 34. Rh7 Re8 35. Kf3 Rd4 36. Bc3 Rdxe4 37. Rxh4 Re2 38. Rxf4 1-0

[Event "Madrid ch - Previa B 2013"]
[Site "Madrid ESP"]
[Date "2013.02.08"]
[Round "4.16"]
[White "Rodriguez Sebastian, Roberto"]
[Black "Escanciano Reyero, Daniel"]
[Result "1-0"]
[WhiteElo "1670"]
[BlackElo "1498"]
[PlyCount "89"]
[EventDate "2013.02.01"]
[EventType "swiss"]
[EventRounds "9"]
[EventCountry "ESP"]
[Source "lmi"]
[SourceDate "2013.02.01"]

1. e4 e6 2. d4 d5 3. exd5 exd5 4. Bd3 Nf6 5. Ne2 Nbd7 6. O-O Bd6 7. Bg5 O-O 8.
c3 c6 9. Qc2 Qc7 10. h3 Re8 11. Nd2 h6 12. Bh4 c5 13. dxc5 Be5 14. Bg3 Nxc5 15.
Bb5 Re7 16. Bxe5 Rxe5 17. Nf3 Re7 18. Ned4 a6 19. Be2 b5 20. Rfe1 Nce4 21. Bd3
Bb7 22. Rac1 Rc8 23. a4 bxa4 24. Qxa4 Nc5 25. Qc2 Nxd3 26. Qxd3 Ne4 27. Nf5 Rd7
28. N3d4 Qb6 29. f3 Nc5 30. Qc2 Ne6 31. Kh1 Rdc7 32. Qe2 Nxd4 33. Nxd4 Rb8 34.
Rc2 g6 35. Qe3 Kh7 36. Rce2 Qf6 37. Qf2 Ba8 38. Qg3 Rcb7 39. Re8 Rxe8 40. Rxe8
Ra7 41. Qb8 Bc6 42. Nxc6 Qxc6 43. Rh8+ Kg7 44. Qe5+ f6 45. Qb8 1-0

[Event "Madrid ch - Previa B 2013"]
[Site "Madrid ESP"]
[Date "2013.02.08"]
[Round "4.18"]
[White "Tirado Parra, Alberto"]
[Black "Rottenwoerer, Christoph"]
[Result "1/2-1/2"]
[WhiteElo "1920"]
[BlackElo "1609"]
[PlyCount "111"]
[EventDate "2013.02.01"]
[EventType "swiss"]
[EventRounds "9"]
[EventCountry "ESP"]
[Source "lmi"]
[SourceDate "2013.02.01"]

1. d4 Nf6 2. Nf3 g6 3. Bf4 c5 4. c3 cxd4 5. cxd4 Nc6 6. Nc3 Qa5 7. e3 Nd5 8.
Rc1 Nxf4 9. exf4 Bg7 10. Be2 O-O 11. O-O d6 12. d5 Nb4 13. Qd2 Bd7 14. Nd1 Qb6
15. a3 Na6 16. b4 Rac8 17. Ne3 Bb5 18. Bxb5 Qxb5 19. f5 Bh6 20. fxg6 hxg6 21.
Qd4 Qd7 22. Qxa7 Rxc1 23. Rxc1 Rc8 24. Rc4 Rxc4 25. Nxc4 Qf5 26. Ne3 Bxe3 27.
Qxe3 Qxd5 28. Qxe7 Qd1+ 29. Ne1 Nc7 30. Qe3 Nd5 31. Qe8+ Kg7 32. g3 Nc3 33. Kg2
Qd5+ 34. Nf3 Ne4 35. Kf1 Nxg3+ 36. hxg3 Qxf3 37. Kg1 Qxa3 38. Qe4 Qc1+ 39. Kh2
Qc6 40. Qd4+ Kg8 41. g4 Qd7 42. Kg3 Qc7 43. f4 Qc6 44. f5 gxf5 45. gxf5 d5 46.
Kf4 Qd6+ 47. Kg5 Qg3+ 48. Kh5 Qf3+ 49. Kh6 Qh3+ 50. Kg5 Qg3+ 51. Kh6 Qh2+ 52.
Kg5 Qg2+ 53. Kh6 Qh1+ 54. Kg5 Qg2+ 55. Kh6 Qh2+ 56. Kg5 1/2-1/2

[Event "Madrid ch - Previa B 2013"]
[Site "Madrid ESP"]
[Date "2013.02.08"]
[Round "4.19"]
[White "Herrero Corada, Jose Ignacio"]
[Black "Hrybanova, Valeria"]
[Result "1-0"]
[WhiteElo "1849"]
[BlackElo "1556"]
[PlyCount "81"]
[EventDate "2013.02.01"]
[EventType "swiss"]
[EventRounds "9"]
[EventCountry "ESP"]
[Source "lmi"]
[SourceDate "2013.02.01"]

1. e4 e5 2. Nf3 Nc6 3. Bb5 d6 4. d4 Bd7 5. O-O h6 6. Bxc6 Bxc6 7. dxe5 Bxe4 8.
Re1 Bxf3 9. exd6+ Be7 10. Qxf3 Qxd6 11. Qxb7 Rd8 12. Nc3 a6 13. Be3 Nf6 14.
Rad1 Qe6 15. Rxd8+ Kxd8 16. Bd2 Qd7 17. Qb8+ Qc8 18. Qxc8+ Kxc8 19. Rxe7 Rf8
20. Bf4 Nd7 21. Nd5 c6 22. Nb4 c5 23. Nxa6 g5 24. Bd6 Rd8 25. Kf1 f5 26. Nxc5
Nxc5 27. Rc7+ Kb8 28. Rd7+ Kc8 29. Rxd8+ Kxd8 30. Bxc5 Kc7 31. b4 Kc6 32. a4
Kb7 33. a5 Ka6 34. Ke2 Kb5 35. Kd3 Ka6 36. Kc4 Kb7 37. Kb5 Kb8 38. Kc6 Ka8 39.
b5 Kb8 40. b6 Ka8 41. Kc7 1-0

[Event "Madrid ch - Previa B 2013"]
[Site "Madrid ESP"]
[Date "2013.02.08"]
[Round "4.21"]
[White "Benitez Cadenas, Luis Miguel"]
[Black "Cortijo Manso, Luis"]
[Result "1-0"]
[WhiteElo "1714"]
[BlackElo "1526"]
[PlyCount "120"]
[EventDate "2013.02.01"]
[EventType "swiss"]
[EventRounds "9"]
[EventCountry "ESP"]
[Source "lmi"]
[SourceDate "2013.02.01"]

1. c4 c5 2. Nc3 Nc6 3. Nf3 g6 4. g3 Bg7 5. Bg2 e6 6. O-O Nge7 7. d3 O-O 8. Bg5
a6 9. Qd2 Qc7 10. Rab1 Nf5 11. g4 Nfd4 12. Nxd4 cxd4 13. Ne4 f6 14. Bh6 Ne5 15.
Bxg7 Kxg7 16. g5 Ng4 17. gxf6+ Nxf6 18. Qg5 d6 19. Nxf6 Rxf6 20. Be4 Qc5 21.
Qh4 d5 22. cxd5 exd5 23. Rfc1 Qd6 24. Bf3 Bd7 25. Rc2 Bc6 26. Qxd4 Raf8 27. Rc5
Qf4 28. Qxf4 Rxf4 29. Rf1 R4f5 30. Bg4 Rg5 31. h3 h5 32. f4 Rxg4+ 33. hxg4 hxg4
34. Kg2 Kf6 35. Kg3 Re8 36. Re1 Re3+ 37. Kf2 Rh3 38. Rg1 Kf5 39. e3 Rf3+ 40.
Ke2 Rh3 41. Rg2 Ke6 42. Rc1 Kf5 43. Rcg1 Rh4 44. Rc1 g5 45. fxg5 Kxg5 46. Rf1
a5 47. Rgf2 a4 48. Rf5+ Kg6 49. Rf6+ Kg7 50. Rf7+ Kg6 51. R1f2 Rh3 52. Rf8 Kg5
53. Rg8+ Kh5 54. Rf5+ Kh4 55. Kf1 Rxe3 56. Kf2 Rf3+ 57. Rxf3 gxf3 58. Kxf3 d4+
59. Kf4 Kh3 60. Ke5 Kh2 1-0

[Event "Madrid ch - Previa B 2013"]
[Site "Madrid ESP"]
[Date "2013.02.08"]
[Round "4.22"]
[White "Sancinena Arpide, Juan"]
[Black "Roman Garcia, Jose Luis"]
[Result "1-0"]
[WhiteElo "1702"]
[BlackElo "1512"]
[PlyCount "91"]
[EventDate "2013.02.01"]
[EventType "swiss"]
[EventRounds "9"]
[EventCountry "ESP"]
[Source "lmi"]
[SourceDate "2013.02.01"]

1. e4 e5 2. Nf3 Nc6 3. Bb5 a6 4. Ba4 Nf6 5. O-O b5 6. Bb3 d6 7. Re1 Bg4 8. c3
Be7 9. d4 O-O 10. Bg5 h6 11. Bh4 Nh7 12. Bxe7 Qxe7 13. Bd5 Qd7 14. h3 Bh5 15.
g4 Bg6 16. dxe5 dxe5 17. Bxc6 Qxc6 18. Nxe5 Qe6 19. Qd5 Qxd5 20. exd5 Rae8 21.
Nd2 f5 22. Nxg6 Kf7 23. Nxf8 Rxf8 24. gxf5 Kf6 25. Re3 Ng5 26. h4 Nf7 27. Ne4+
Kxf5 28. Rae1 Kg4 29. Kg2 Ne5 30. Rg3+ Kf4 31. Rxg7 Nf3 32. Re3 Nxh4+ 33. Kh3
Nf5 34. Rg4+ Ke5 35. Rf3 Rd8 36. Ng3 Nd6 37. Re3+ Kxd5 38. Rd4+ Kc6 39. Re6 Rf8
40. Ne4 Kd7 41. Rxh6 Ke7 42. Nxd6 cxd6 43. f4 Rf5 44. Kg4 Rc5 45. Rdxd6 a5 46.
Ra6 1-0

[Event "Madrid ch - Previa B 2013"]
[Site "Madrid ESP"]
[Date "2013.02.08"]
[Round "4.23"]
[White "Mosteiro Montoro, Alvaro"]
[Black "Caravantes Camacho, Fernando"]
[Result "1-0"]
[WhiteElo "1674"]
[BlackElo "1817"]
[PlyCount "81"]
[EventDate "2013.02.01"]
[EventType "swiss"]
[EventRounds "9"]
[EventCountry "ESP"]
[Source "lmi"]
[SourceDate "2013.02.01"]

1. d4 Nf6 2. c4 g6 3. Nf3 Bg7 4. Nc3 d6 5. e4 Nbd7 6. Be2 O-O 7. O-O e5 8. d5
Nc5 9. Bg5 h6 10. Bxf6 Qxf6 11. b4 Nxe4 12. Nxe4 Qf4 13. Nfd2 f5 14. g3 fxe4
15. gxf4 Bh3 16. Re1 exf4 17. Nxe4 Rf5 18. Rb1 Re8 19. Bf3 Ref8 20. Rb3 g5 21.
Bh1 g4 22. Rxh3 gxh3 23. Qf3 R8f7 24. Qxh3 Be5 25. Qxh6 Rh7 26. Qe6+ Rff7 27.
Bf3 Rhg7+ 28. Kf1 Kh8 29. Ke2 Re7 30. Qh3+ Rh7 31. Qg2 c6 32. Rg1 Reg7 33. Qh1
Re7 34. Kd3 cxd5 35. cxd5 b5 36. Rc1 Rc7 37. Rc6 Rcg7 38. Nxd6 Rh3 39. Rc8+ Rg8
40. Rxg8+ Kxg8 41. Qg2+ 1-0

[Event "Madrid ch - Previa B 2013"]
[Site "Madrid ESP"]
[Date "2013.02.08"]
[Round "4.24"]
[White "Villarroya Samaniego, Javier"]
[Black "Melcon Diez, Enrique"]
[Result "1/2-1/2"]
[WhiteElo "1275"]
[BlackElo "1669"]
[PlyCount "86"]
[EventDate "2013.02.01"]
[EventType "swiss"]
[EventRounds "9"]
[EventCountry "ESP"]
[Source "lmi"]
[SourceDate "2013.02.01"]

1. Nf3 c5 2. g3 g6 3. Bg2 Bg7 4. O-O Nc6 5. d3 e6 6. c4 Nge7 7. Nbd2 d5 8. a3
O-O 9. Rb1 a5 10. b3 b6 11. Bb2 d4 12. a4 Bb7 13. Re1 Nf5 14. Ra1 Qc7 15. Bc1
Rad8 16. Nf1 Ne5 17. Bf4 Nxf3+ 18. Bxf3 e5 19. Bg5 f6 20. Bc1 Bxf3 21. exf3 g5
22. Nd2 Ne7 23. Ne4 Ng6 24. Kg2 h5 25. Rh1 h4 26. g4 Nf4+ 27. Bxf4 exf4 28. h3
Rde8 29. Re1 Re5 30. Re2 Rfe8 31. Raa2 Kf7 32. Re1 Kg6 33. Rae2 Bf8 34. Nd2 Bd6
35. Rxe5 Bxe5 36. Ne4 Re7 37. Kh2 Qd7 38. Kg2 f5 39. Nd2 Qb7 40. Kh2 fxg4 41.
hxg4 Qc8 42. Kh3 Qe8 43. Ne4 Re6 1/2-1/2

[Event "Madrid ch - Previa B 2013"]
[Site "Madrid ESP"]
[Date "2013.02.08"]
[Round "4.27"]
[White "Muñoz Cebey, Ricardo"]
[Black "Soto Martin, Miguel"]
[Result "0-1"]
[WhiteElo "1961"]
[BlackElo "1497"]
[PlyCount "58"]
[EventDate "2013.02.01"]
[EventType "swiss"]
[EventRounds "9"]
[EventCountry "ESP"]
[Source "lmi"]
[SourceDate "2013.02.01"]

1. e4 e5 2. Nf3 Nc6 3. Bb5 Bc5 4. O-O Nge7 5. c3 Bb6 6. d4 exd4 7. cxd4 d5 8.
exd5 Nxd5 9. Re1+ Be6 10. Ne5 Qd6 11. Nc4 Qb4 12. Nxb6 axb6 13. Bxc6+ bxc6 14.
a3 Qd6 15. Nc3 O-O 16. Nxd5 Bxd5 17. Qg4 Be6 18. Qf4 Qd7 19. Be3 Ra5 20. Qg3
Rf5 21. Rad1 Rf6 22. Bf4 Rg6 23. Qe3 Bd5 24. Bg3 f5 25. f4 Be4 26. Kf2 Qd5 27.
Rg1 Re6 28. Qc3 Rfe8 29. h4 Bxg2 0-1

[Event "Madrid ch - Previa B 2013"]
[Site "Madrid ESP"]
[Date "2013.02.08"]
[Round "4.28"]
[White "Yaniz Lana, Francisco Javier"]
[Black "Vazquez Cabeza, Isaac"]
[Result "1-0"]
[WhiteElo "1669"]
[BlackElo "1493"]
[PlyCount "105"]
[EventDate "2013.02.01"]
[EventType "swiss"]
[EventRounds "9"]
[EventCountry "ESP"]
[Source "lmi"]
[SourceDate "2013.02.01"]

1. d4 Nf6 2. Nf3 e6 3. g3 d5 4. Bg2 Bd7 5. O-O Nc6 6. Nc3 g6 7. Bg5 Bg7 8. Ne5
O-O 9. e4 h6 10. exd5 exd5 11. Nxd7 Qxd7 12. Bxf6 Bxf6 13. Nxd5 Bg7 14. Re1
Rfe8 15. Rxe8+ Rxe8 16. c3 b6 17. Qa4 Rd8 18. Nxb6 axb6 19. Qxc6 Qxc6 20. Bxc6
Rd6 21. Ba4 Re6 22. Kf1 h5 23. Re1 Rxe1+ 24. Kxe1 Bh6 25. Ke2 Kf8 26. Kd3 Ke7
27. Kc4 Kd6 28. h4 c6 29. Kd3 f6 30. Bb3 Ke7 31. a4 g5 32. hxg5 fxg5 33. Bd1 h4
34. Bf3 Kd6 35. b4 Bg7 36. Ke4 Bf6 37. Kf5 Be7 38. a5 bxa5 39. bxa5 Kc7 40. a6
Kb6 41. a7 Kxa7 42. Bxc6 Kb6 43. Bg2 Kb5 44. Bf1+ Kc6 45. c4 Kd7 46. c5 Kc7 47.
Ke6 Bd8 48. d5 Kc8 49. d6 Ba5 50. c6 Bb6 51. gxh4 gxh4 52. f4 Bd8 53. c7 1-0

[Event "Madrid ch - Previa B 2013"]
[Site "Madrid ESP"]
[Date "2013.02.08"]
[Round "4.30"]
[White "Di Pietro Moreno, Fatima"]
[Black "Morona Calvo, Virgilio"]
[Result "1-0"]
[WhiteElo "1273"]
[BlackElo "1492"]
[PlyCount "89"]
[EventDate "2013.02.01"]
[EventType "swiss"]
[EventRounds "9"]
[EventCountry "ESP"]
[Source "lmi"]
[SourceDate "2013.02.01"]

1. d4 d5 2. Nf3 c6 3. Bf4 g6 4. e3 Bg7 5. Nbd2 Nf6 6. Bd3 Bg4 7. h3 Be6 8. Ne5
O-O 9. Qf3 Nbd7 10. g4 Nxe5 11. dxe5 Nd7 12. O-O-O Nxe5 13. Bxe5 Bxe5 14. b3 d4
15. Qe4 Bg7 16. Rhg1 a5 17. a4 f5 18. Qxe6+ Kh8 19. gxf5 Rf6 20. Qe4 Qd6 21.
Nc4 Qc7 22. Qg4 dxe3 23. fxe3 b5 24. Nb2 Rb8 25. fxg6 h6 26. Be2 Qe5 27. Qd4
Qc7 28. Qc5 Qh2 29. Bg4 Rf2 30. Rh1 Qc7 31. Rd7 Qe5 32. Qxe5 Bxe5 33. Rxe7 Bf6
34. Rh7+ Kg8 35. Be6+ Kf8 36. Rf7+ Ke8 37. g7 Bxb2+ 38. Kb1 Rxf7 39. g8=Q+ Rf8
40. Qg6+ Ke7 41. Kxb2 Rf6 42. Qe4 Rxe6 43. Qh7+ Kd6 44. Rd1+ Kc5 45. Qf5+ 1-0

[Event "Madrid ch - Previa B 2013"]
[Site "Madrid ESP"]
[Date "2013.02.09"]
[Round "5.1"]
[White "Lopez Ziegler, Carlos"]
[Black "Cano Cabanillas, Javier"]
[Result "0-1"]
[WhiteElo "1911"]
[BlackElo "1985"]
[PlyCount "66"]
[EventDate "2013.02.01"]
[EventType "swiss"]
[EventRounds "9"]
[EventCountry "ESP"]
[Source "lmi"]
[SourceDate "2013.02.01"]

1. e4 e6 2. d4 d5 3. exd5 exd5 4. Nf3 Nf6 5. Qe2+ Be7 6. h3 O-O 7. Be3 b6 8.
Nbd2 c5 9. c3 Re8 10. O-O-O c4 11. g4 b5 12. g5 Nfd7 13. h4 Qa5 14. Bh3 Nc6 15.
h5 b4 16. g6 Nf8 17. gxf7+ Kxf7 18. Nxc4 Qxa2 19. Nfe5+ Nxe5 20. Nxe5+ Kg8 21.
Qf3 bxc3 22. Rd2 cxd2+ 23. Bxd2 Bf6 24. Bc3 Bxh3 25. Rxh3 Qb3 26. Rg3 Bxe5 27.
dxe5 Ne6 28. Qf6 Qb7 29. h6 Qf7 30. f4 Qxf6 31. exf6 g6 32. f5 Nf8 33. fxg6
Nxg6 0-1

[Event "Madrid ch - Previa B 2013"]
[Site "Madrid ESP"]
[Date "2013.02.09"]
[Round "5.3"]
[White "Alonso Herrero, Ignacio"]
[Black "Marcos Herrero, Francisco"]
[Result "1-0"]
[WhiteElo "1789"]
[BlackElo "1895"]
[PlyCount "63"]
[EventDate "2013.02.01"]
[EventType "swiss"]
[EventRounds "9"]
[EventCountry "ESP"]
[Source "lmi"]
[SourceDate "2013.02.01"]

1. e4 c5 2. Nc3 Nc6 3. Bb5 g6 4. Bxc6 bxc6 5. d3 d6 6. f4 Bg7 7. Bd2 e6 8. Nf3
Ne7 9. O-O O-O 10. e5 Nf5 11. exd6 Qxd6 12. Ne4 Qe7 13. Ne5 Bb7 14. g4 Nd4 15.
c3 f6 16. cxd4 fxe5 17. dxe5 c4 18. Nd6 cxd3 19. Qb3 Rab8 20. Qxd3 Ba8 21. Bc3
c5 22. Rae1 Kh8 23. Re3 Rfd8 24. f5 gxf5 25. gxf5 Rg8 26. Rg3 Bh6 27. f6 Qc7
28. Rf2 Rxg3+ 29. hxg3 Rf8 30. Rh2 Bg5 31. Rh5 Qc6 32. Qxh7# 1-0

[Event "Madrid ch - Previa B 2013"]
[Site "Madrid ESP"]
[Date "2013.02.09"]
[Round "5.5"]
[White "Plazuelo Pascual, Juan"]
[Black "Canseco Arenas, Alfonso"]
[Result "1/2-1/2"]
[WhiteElo "1870"]
[BlackElo "1706"]
[PlyCount "91"]
[EventDate "2013.02.01"]
[EventType "swiss"]
[EventRounds "9"]
[EventCountry "ESP"]
[Source "lmi"]
[SourceDate "2013.02.01"]

1. e4 d6 2. d4 Nf6 3. Nc3 c6 4. Be3 b5 5. f3 g6 6. Qd2 Bg7 7. h4 Nbd7 8. g4 Nb6
9. Bh6 O-O 10. Bxg7 Kxg7 11. h5 a5 12. hxg6 fxg6 13. Qh6+ Kg8 14. e5 dxe5 15.
dxe5 Qc7 16. exf6 Qg3+ 17. Kd1 Rf7 18. Qh2 Qxh2 19. Rxh2 exf6 20. Bd3 f5 21.
gxf5 Bxf5 22. Bxf5 Rxf5 23. b3 b4 24. Ne4 Nd5 25. Rd2 Rh5 26. Ke1 Rf8 27. Kf2
Nc3 28. Nxc3 bxc3 29. Rd4 Rh2+ 30. Ke3 Rxc2 31. Kd3 Rg2 32. Kxc3 h5 33. Rd2 Rg3
34. Rh2 Rf5 35. Kd4 Rfg5 36. Nh3 Rf5 37. f4 Rd5+ 38. Kc4 Rdd3 39. Nf2 Rdf3 40.
Kc5 Rxf4 41. Kxc6 Rgf3 42. Nh3 Rh4 43. Rah1 Rb4 44. Rg1 Rc3+ 45. Kd5 Kg7 46.
Ng5 1/2-1/2

[Event "Madrid ch - Previa B 2013"]
[Site "Madrid ESP"]
[Date "2013.02.09"]
[Round "5.6"]
[White "Leniz Martinez, Francisco"]
[Black "Ordoñez Morales, Alberto"]
[Result "0-1"]
[WhiteElo "1779"]
[BlackElo "1836"]
[PlyCount "84"]
[EventDate "2013.02.01"]
[EventType "swiss"]
[EventRounds "9"]
[EventCountry "ESP"]
[Source "lmi"]
[SourceDate "2013.02.01"]

1. e4 e6 2. d4 d5 3. Nd2 c5 4. exd5 exd5 5. Ngf3 Nf6 6. Bb5+ Nc6 7. Qe2+ Be6 8.
O-O a6 9. Bxc6+ bxc6 10. dxc5 Bxc5 11. Nb3 Be7 12. Nbd4 Qd6 13. Nxe6 Qxe6 14.
Qxe6 fxe6 15. Bg5 Bd6 16. Nd4 Kd7 17. c3 Rae8 18. Rad1 h6 19. Bc1 g5 20. g3 g4
21. Nb3 h5 22. Be3 Ne4 23. Nd2 Nf6 24. Nb3 Ne4 25. Nd2 Nxd2 26. Rxd2 h4 27. b3
Ref8 28. Rd4 hxg3 29. hxg3 Be5 30. Rxg4 Bxc3 31. Bd4 Bxd4 32. Rxd4 c5 33. Ra4
Ra8 34. Kg2 d4 35. f4 Rhf8 36. g4 e5 37. fxe5 Rxf1 38. Kxf1 Kc6 39. Ke2 Kb5 40.
Kf3 Rf8+ 41. Ke4 Rf1 42. Kd5 d3 0-1

[Event "Madrid ch - Previa B 2013"]
[Site "Madrid ESP"]
[Date "2013.02.09"]
[Round "5.7"]
[White "Yeves Miquel, Enrique"]
[Black "Dominguez Alfara, Miguel"]
[Result "0-1"]
[WhiteElo "1742"]
[BlackElo "1823"]
[PlyCount "46"]
[EventDate "2013.02.01"]
[EventType "swiss"]
[EventRounds "9"]
[EventCountry "ESP"]
[Source "lmi"]
[SourceDate "2013.02.01"]

1. d4 d5 2. c4 e6 3. Nc3 c6 4. e3 Nf6 5. Nf3 Bd6 6. Qc2 Nbd7 7. Bd3 O-O 8. O-O
e5 9. cxd5 cxd5 10. e4 exd4 11. Nxd4 dxe4 12. Nxe4 Nxe4 13. Bxe4 Nf6 14. Rd1
Nxe4 15. Qxe4 Re8 16. Qf3 Qh4 17. h3 Qxd4 18. g3 Qb4 19. Bd2 Qxb2 20. Bc3 Qa3
21. Rd3 Qa6 22. Rad1 Be7 23. Qe4 Be6 0-1

[Event "Madrid ch - Previa B 2013"]
[Site "Madrid ESP"]
[Date "2013.02.09"]
[Round "5.8"]
[White "Garcia-Ruiz Fuentes, Angel M"]
[Black "Lianes Garcia, Marcos"]
[Result "1-0"]
[WhiteElo "1963"]
[BlackElo "1724"]
[PlyCount "33"]
[EventDate "2013.02.01"]
[EventType "swiss"]
[EventRounds "9"]
[EventCountry "ESP"]
[Source "lmi"]
[SourceDate "2013.02.01"]

1. e4 e6 2. d4 d5 3. Nc3 Nf6 4. Bg5 dxe4 5. Nxe4 Be7 6. Bxf6 Bxf6 7. Nf3 Nd7 8.
Qd2 O-O 9. O-O-O Nb6 10. h4 Bd7 11. Bd3 Be7 12. c3 Bc6 13. Qc2 h6 14. Kb1 Nd5
15. Neg5 Bf6 16. Bh7+ Kh8 17. Bg8 1-0

[Event "Madrid ch - Previa B 2013"]
[Site "Madrid ESP"]
[Date "2013.02.09"]
[Round "5.9"]
[White "Cano Mercado, Francisco Manuel"]
[Black "Lacaci Otero, Ivan"]
[Result "1-0"]
[WhiteElo "1865"]
[BlackElo "1671"]
[PlyCount "89"]
[EventDate "2013.02.01"]
[EventType "swiss"]
[EventRounds "9"]
[EventCountry "ESP"]
[Source "lmi"]
[SourceDate "2013.02.01"]

1. d4 Nf6 2. Bg5 Ne4 3. Bh4 g5 4. f3 gxh4 5. fxe4 d5 6. exd5 Qxd5 7. Nc3 Qh5 8.
e4 Bg4 9. Be2 Rg8 10. Bxg4 Qxg4 11. Qxg4 Rxg4 12. Kf2 Nc6 13. Nf3 Nb4 14. Nb5
O-O-O 15. a3 Nxc2 16. Rac1 a6 17. Nxc7 Kxc7 18. Rxc2+ Kb8 19. Re1 e6 20. Rce2
Be7 21. Kf1 Rc8 22. Ne5 Rf4+ 23. Rf2 Rxf2+ 24. Kxf2 Bd6 25. Nf3 Be7 26. Ke3 Rg8
27. Re2 h6 28. h3 Rg3 29. e5 Kc7 30. Ke4 f5+ 31. exf6 Bxf6 32. Ne5 Rg5 33. Rc2+
Kd8 34. Nf7+ Kd7 35. Nxg5 hxg5 36. Rf2 Ke7 37. b4 b6 38. b5 a5 39. Rc2 Kd7 40.
a4 Be7 41. Rc6 Bd8 42. Ke5 Bc7+ 43. Rxc7+ Kxc7 44. Kxe6 Kd8 45. Kd6 1-0